000 00685nam a2200181Ia 4500
008 090630s9999 xx 000 0 und d
082 _b21546
100 _aदेशपांडे कृ. पं.
245 _aसोनेरी प्रभात भाग 2.
_cदेशपांडे कृ. पं.
260 _bमधुराज - पुणे.
_c1999
300 _a60
600 _aदेशपांडे कृ. पं.
630 _aसोनेरी प्रभात भाग 2.
655 _aबालवाङमय.
700 _aदेशपांडे कृ. पं.
730 _aसोनेरी प्रभात भाग 2.
942 _cBOOK
999 _c273402
_d273402